01174nam a2200241 a 450000100100000000500170001000800410002704000250006808200150009311000650010824502140017326001310038730000210051850000420053965000550058165000420063670000360067870000420071471000370075604900090079395201130080299900170091500002619920240226184457.0100222s1998 dr 000 0 spa d aDO-SdBNPbspacBNPHU a306bR426h1 aRepública DominicanabPresidencia de la República91706510aHacía un programa de desarrollo cultural para la República Dominicana :bRelatoria ampliada del encuentro celebrado el 21 y 22 de noviembre de 1996 /ceditores Luis O. Brea Franco, Ramón A. Victoriano M. aSanto Domingo :bConsejo Presidencial para la CuturabPrograma de la Naciones Unidas para el Desarrollo,c1998fEditora Búho a156 p. ;c22 cm. aIncluye notas al pie de las páginas 4aRepública dominicanaxPolítica cultural953211 4aCulturazRepública Dominicana919831 aBrea Franco, Luis O.eed.971251 aVictoriano M., Ramón A.eed.9358261 aProyecto Reforma Cultural953212 aBNPD 0010718PDaPDbPDcCTd2011-03-04iLF1l0o306 R426hp26199-10r2020-06-25w2020-06-25yLFPDZNo se presta c25691d25691